市区町村シルエットクイズ② - Statistics

General Stats
  • This quiz has been taken 514 times
  • The average score is 7 of 9
Answer Stats
Picture Hint Answer % Correct
日本海に面している 佐渡市(新潟県)
98%
北東の島→「能登島」 七尾市(石川県)
87%
松江市(島根県)
85%
西の人工島→国際空港 常滑市(愛知県)
85%
浦安市(千葉県)
82%
宇都宮市(栃木県)
77%
西方の島→「甑島」 薩摩川内市(鹿児島県)
76%
旭川市(北海道)
67%
南西の埋立地→空港の滑走路 那覇市(沖縄県)
64%
No matching quizzes found
Score Distribution
Percent of People with Each Score
Percentile by Number Answered
Your Score History
You have not taken this quiz